[Event "Mar de Ajo op 5th"]
[Site "Mar de Ajo"]
[Date "2023.11.10"]
[Round "1"]
[White "Giacame, Juan Manuel"]
[Black "Valerga, Diego"]
[Result "0-1"]
[WhiteElo "1786"]
[BlackElo "2429"]
[PlyCount "120"]
[EventDate "2023.11.10"]
[EventType "swiss"]
[EventRounds "6"]
[EventCountry "ARG"]
[SourceTitle "CB46_2023"]
[SourceDate "2023.11.15"]
[SourceVersion "1"]
[SourceVersionDate "2023.11.15"]
[SourceQuality "1"]

1. d4 Nf6 2. Bf4 d6 3. Nc3 Nbd7 4. Nf3 Nh5 5. Bc1 g6 6. e4 Bg7 7. Be3 0-0 8. Qd2 c5 9. 0-0-0 Qa5 10. Kb1 e6 11. Bh6 a6 12. g4 Nhf6 13. Bxg7 Kxg7 14. h4 cxd4 15. Qxd4 Qc5 16. g5 Qxd4 17. Rxd4 Ne8 18. h5 b5 19. a4 bxa4 20. Nd2 Nc5 21. Nc4 Bb7 22. f3 Rd8 23. Rd2 d5 24. Ne5 Nd6 25. exd5 gxh5 26. Rxh5 exd5 27. Rdh2 Rh8 28. Ng4 d4 29. Ne4 Ncxe4 30. fxe4 Bxe4 31. Nf6 Bg6 32. R5h3 Ne4 33. Nxe4 Bxe4 34. Bxa6 Bg6 35. Bd3 Rhe8 36. Bxg6 Re1+ 37. Ka2 hxg6 38. Rh7+ Kf8 39. Rf2 Rd7 40. Rh8+ Ke7 41. Rh7 Ke6 42. Rf6+ Ke5 43. Rxg6 fxg6 44. Rxd7 Rg1 45. Ra7 Rxg5 46. Ra5+ Kf4 47. Rxa4 Rd5 48. c3 g5 49. cxd4 g4 50. Ra8 g3 51. Rf8+ Kg4 52. Rf1 Rxd4 53. Ka3 g2 54. Rg1 Kf3 55. b4 Kf2 56. Rxg2+ Kxg2 57. Ka4 Kf3 58. Ka5 Ke4 59. b5 Kd5 60. Ka6 Kc5 0-1

[Event "Mendoza Alfiles de Cuyo Cup"]
[Site "Mendoza"]
[Date "2021.04.24"]
[Round "4"]
[White "Giacame, Juan Manuel"]
[Black "Carrizo, Alfredo"]
[Result "1/2-1/2"]
[WhiteElo "1836"]
[BlackElo "1928"]
[PlyCount "140"]
[EventDate "2021.04.23"]
[EventType "tourn"]
[EventRounds "7"]
[EventCountry "ARG"]
[SourceTitle "EXT 2022"]
[Source "ChessBase"]
[SourceDate "2021.10.06"]
[SourceVersion "1"]
[SourceVersionDate "2021.10.06"]
[SourceQuality "1"]

1. d4 Nf6 2. c4 e6 3. Nf3 Bb4+ 4. Bd2 c5 5. Bxb4 cxb4 6. g3 d5 7. Nbd2 Nc6 8. Bg2 0-0 9. 0-0 Qb6 10. cxd5 exd5 11. Nb3 a5 12. Nc5 Qc7 13. Rc1 Qd6 14. Nd3 Bf5 15. Nde5 Be4 16. e3 h6 17. Nxc6 bxc6 18. Ne5 Rfc8 19. Bxe4 Nxe4 20. f3 Ng5 21. Nd3 Qe6 22. Re1 Re8 23. Nf4 Qd6 24. Kg2 g6 25. Qa4 Rac8 26. Rc5 Qf6 27. Qd1 Ra8 28. Nd3 Qd6 29. h4 Ne6 30. Rc1 Ng7 31. Ne5 Rac8 32. Qa4 Nf5 33. Rxc6 Rxc6 34. Qxc6 Qxc6 35. Nxc6 Rc8 36. Rc1 Kf8 37. Rc5 Nxe3+ 38. Kf2 Nc4 39. b3 Nb2 40. Ke2 a4 41. Nxb4 Rb8 42. Nc6 Rb6 43. Na5 Re6+ 44. Kd2 Rf6 45. Rc3 g5 46. hxg5 hxg5 47. Kc2 a3 48. b4 Rb6 49. Rxa3 Rxb4 50. Rb3 Ra4 51. Rxb2 Rxa5 52. Rb8+ Ke7 53. Rb7+ Ke6 54. Kb3 f6 55. a4 Kf5 56. Kb4 Ra8 57. a5 g4 58. fxg4+ Ke4 59. Rf7 Kxd4 60. Rxf6 Ke5 61. Rf5+ Ke6 62. Kb5 d4 63. Kb6 d3 64. a6 Rb8+ 65. Kc7 d2 66. Rf1 Rb2 67. a7 Rc2+ 68. Kb8 Rb2+ 69. Ka8 Ke5 70. Rd1 Kf6 1/2-1/2